00657nam a22002177a 4500008004100000020001500041050002300056245005600079250001200135260002600147300001500173650002400188650001400212650001400226700001900240700002400259700001500283942001200298999001700310952011200327220706b |||||||| |||| 00| 0 eng d a0195061942 aRD93.8b.l56 1992 aThe Injury Fact Book/cBaker, Susan P. [et... al.]. a2nd ed. aNew YorkbO.U.Pc1992 axiv, 344p. aWounds and injuries aAccidents aMortality aO'neill, Brian aGinsburg, Marvin J. aLi, Guohua 2lcccBK c19370d19369 00102lcc70aKABUbKABUd2022-07-06l0oRD93.8 .l56 1992 c.1p031902r2022-07-06 00:00:00w2022-07-06yBK